Cambios en las propiedades químicas y biológicas de suelo y pasto (Lolium perenne) irrigado con agua residual tratada en el Barrio Santiaguito, Texcoco, México / (Record no. 218817)
[ view plain ]
| 000 -CABECERA | |
|---|---|
| campo de control de longitud fija | 03304nam a2200301 a 4500 |
| 003 - IDENTIFICADOR DEL NÚMERO DE CONTROL | |
| campo de control | OSt |
| 005 - FECHA Y HORA DE LA ÚLTIMA TRANSACCIÓN | |
| campo de control | 20251111114014.0 |
| 007 - CAMPO FIJO DE DESCRIPCIÓN FÍSICA--INFORMACIÓN GENERAL | |
| campo de control de longitud fija | cr ||||||a|c|a |
| 008 - DATOS DE LONGITUD FIJA--INFORMACIÓN GENERAL | |
| campo de control de longitud fija | 230524s2019 mx a|||fom||| 001 0 spa d |
| 040 ## - FUENTE DE LA CATALOGACIÓN | |
| Normas de descripción | rda |
| 100 1# - ENTRADA PRINCIPAL--NOMBRE DE PERSONA | |
| 9 (RLIN) | 187158 |
| Nombre de persona | Hernández Lazcano, María Erika |
| 245 10 - MENCIÓN DE TÍTULO | |
| Título | Cambios en las propiedades químicas y biológicas de suelo y pasto (Lolium perenne) irrigado con agua residual tratada en el Barrio Santiaguito, Texcoco, México / |
| Mención de responsabilidad, etc. | por María Erika Hernández Lazcano; director de tesis Langen Corlay Chee. |
| 264 #1 - PRODUCCIÓN, PUBLICACIÓN, DISTRIBUCIÓN, FABRICACIÓN Y COPYRIGHT | |
| Producción, publicación, distribución, fabricación y copyright | Chapingo, México : |
| Nombre del de productor, editor, distribuidor, fabricante | El autor, |
| Fecha de producción, publicación, distribución, fabricación o copyright | 2019. |
| 300 ## - DESCRIPCIÓN FÍSICA | |
| Extensión | 1 recurso en línea ( 59 páginas): |
| Otras características físicas | cuadros, figuras. |
| 336 ## - TIPO DE CONTENIDO | |
| Fuente | rdacontent |
| Término de tipo de contenido | texto |
| Código de tipo de contenido | txt |
| 337 ## - TIPO DE MEDIO | |
| Fuente | rdamedia |
| Nombre/término del tipo de medio | computadora |
| Código del tipo de medio | c |
| 338 ## - TIPO DE SOPORTE | |
| Fuente | rdacarrier |
| Nombre/término del tipo de soporte | recurso en línea |
| Código del tipo de soporte | cr |
| 502 ## - NOTA DE TESIS | |
| Tipo de título | Ingeniero Agrónomo Especialista en Suelos |
| Nombre de la institución que otorga el título | Departamento de Enseñanza, Investigación y Servicio en Suelos, |
| Año de obtención del título | 2019. |
| Información miscelánea | Licenciatura |
| 504 ## - NOTA DE BIBLIOGRAFÍA, ETC. | |
| Nota de bibliografía, etc. | Incluye referencias bibliográficas: páginas 54-59. |
| 520 ## - SUMARIO, ETC. | |
| Sumario, etc. | Para cubrir la demanda de agua en áreas recreativas, en el Barrio Santiaguito en Texcoco, Estado de México, se están empleando aguas residuales tratadas. Además de reducir el uso de agua potable para irrigar áreas verdes, también se cumple con parte del ciclo del agua, como es la infiltración y con ello la recarga de los mantos freáticos. Aunque esta alternativa ecológicamente es amigable, se desconoce el impacto de esta práctica en el suelo y vegetación presente en las áreas mencionadas. Por lo anterior, para el presente trabajo se colectaron por triplicado muestras de suelo irrigado con agua residual tratada (ART) y del pasto desarrollado en éste, como testigo se usó un suelo y pasto irrigado con agua potable. Se les evaluaron Coliformes Totales (CT), Coliformes Fecales (CF), pH, nitrógeno y fósforo. Adicionalmente, se colectaron muestras de ART y potable en las que se determinaron las variables antes mencionadas además de Demanda Bioquímica de Oxigeno (DBO). Se encontró que el riego con ART del humedal de Santiaguito, Texcoco, incrementa el valor de las variables evaluadas en el suelo en 2,571%, 24,252%, 50%, 74% y 10% para CT, CF, nitrógeno, fósforo y pH respectivamente. Mientras que en pasto irrigado con ART, la población de CT y CF aumentaron en 2,216% y 24,252%, con respecto al testigo irrigado con agua potable; asimismo, la concentración de nitrógeno y fósforo aumentaron en 20% y 13%, respectivamente. Lo anterior se atribuyó a las características del ART que además de aportar nutrimentos para las plantas, presenta CT, CF y DBO en niveles superiores a los permitidos por la NOM-001- SEMARNAT-1996 y la NOM-003- SEMARNAT-1997. Por lo que se recomienda reducir la velocidad del flujo del agua en el humedal de Santiaguito y complementarlo con otro tipo de tratamientos como aplicación de cloro, a fin de mejorar la calidad biológica del ART y con ello, disminuir riesgos a la salud de los usuarios de la cancha deportiva. |
| 650 #4 - PUNTO DE ACCESO ADICIONAL DE MATERIA--TÉRMINO DE MATERIA | |
| 9 (RLIN) | 130737 |
| Término de materia o nombre geográfico como elemento de entrada | Aguas residuales |
| Subdivisión general | Aprovechamiento |
| 650 #4 - PUNTO DE ACCESO ADICIONAL DE MATERIA--TÉRMINO DE MATERIA | |
| 9 (RLIN) | 2584 |
| Término de materia o nombre geográfico como elemento de entrada | Aguas residuales |
| Subdivisión general | Análisis |
| 650 #4 - PUNTO DE ACCESO ADICIONAL DE MATERIA--TÉRMINO DE MATERIA | |
| 9 (RLIN) | 133883 |
| Término de materia o nombre geográfico como elemento de entrada | Aguas residuales |
| Subdivisión general | Calidad |
| 650 #4 - PUNTO DE ACCESO ADICIONAL DE MATERIA--TÉRMINO DE MATERIA | |
| 9 (RLIN) | 136007 |
| Término de materia o nombre geográfico como elemento de entrada | Aguas residuales |
| Subdivisión general | Tratamiento |
| 700 1# - PUNTO DE ACCESO ADICIONAL--NOMBRE DE PERSONA | |
| 9 (RLIN) | 28007 |
| Nombre de persona | Corlay Chee, Langen |
| Término indicativo de función/relación | director. |
| 856 ## - LOCALIZACIÓN Y ACCESO ELECTRÓNICOS | |
| Identificador Uniforme del Recurso | http://10.13.5.2/tesis/tl/Hernandez_Lazcano_Maria_Erika.pdf |
| Nota pública | DESCARGAR PDF |
| 942 ## - ELEMENTOS DE PUNTO DE ACCESO ADICIONAL (KOHA) | |
| Fuente del sistema de clasificación o colocación | Clasificación Universidad Autónoma Chapingo |
| Tipo de ítem Koha | Tesis digital |
| Estado de retiro | Estado de pérdida | Fuente del sistema de clasificación o colocación | Estado dañado | Restricciones de uso | No para préstamo | Código de colección | Localización permanente | Ubicación/localización actual | Ubicación en estantería | Fecha de adquisición | Total de préstamos | Signatura topográfica completa | Fecha visto por última vez | Precio válido a partir de | Tipo de ítem Koha |
|---|---|---|---|---|---|---|---|---|---|---|---|---|---|---|---|
| Clasificación Universidad Autónoma de Chapingo | Préstamo interno | Tesis digitales de Licenciatura | Biblioteca Digital | Biblioteca Digital | En línea | 24/05/2023 | Tesis digital | 24/05/2023 | 24/05/2023 | Tesis digital |
